| 000 | 00919nam a2200253 i 4500 | ||
|---|---|---|---|
| 001 | bg | ||
| 003 | BPK | ||
| 005 | 20200403103216.0 | ||
| 008 | 070920s1969 pl a f f |000 0 pol | ||
| 015 | _aPB 1969/4472 | ||
| 040 |
_aWA N _cBPK |
||
| 080 | _a621.01 | ||
| 080 | _a(075.8+076) | ||
| 245 | 0 | 0 |
_aZbiór zadań z części maszyn : _bpraca zbiorowa. _nCz. 2/3 / _cpod red. Witolda Korewy ; [aut. Lech Biedrzycki et al.]. |
| 250 | _aWyd. 8. | ||
| 260 |
_aWarszawa : _bPaństwowe Wydawnictwo Naukowe, _c1969. |
||
| 300 |
_a115, [2] s., [13] k. tabl. : _bil. ; _c23 cm. |
||
| 650 | 4 |
_aMaszyny _xbudowa i konstrukcje. |
|
| 655 | 4 | _aĆwiczenia i zadania dla szkół wyższych | |
| 700 | 1 |
_aKorewa, Witold _d(1899-1976) _eRedakcja |
|
| 700 | 1 |
_aBiedrzycki, Lech _eAutor |
|
| 856 |
_uhttp://koha.tu.koszalin.pl/cgi-bin/koha/opac-detail.pl?biblionumber=10164 _yKatalog online BPK |
||
| 942 |
_2UKD _cKS |
||
| 999 |
_c10164 _d10164 |
||